«Челси» - Армагеддон - Statistics

General Stats
  • This quiz has been taken 22 times
  • The average score is 16 of 50
Answers on the Grid
Answers color-coded by a green-red scale on the quiz's grid according to % correct below.
Фрэнк Лэмпард
Дидье Дрогба
Петр Чех
Фернандиньо
Яя Туре
Антонио Кассано
Джон Терри
Кристиан Киву
Франческо Тотти
Келечи Ихеаначо
Эшли Коул
Джолеон Лескотт
Николя Анелька
Пабло Сабалета
Джанфранко Дзола
Н’Голо Канте
Михаэль Баллак
Джон Оби Микел
Флоран Малуда
Эдин Джеко
Дамиано Томмази
Александар Коларов
Марк Кукурелья
Бранислав Иванович
Фернандо Торрес
Венсан Компани
Давид Сильва
Микель Артета
Сесар Аспиликуэта
Лукас Подольски
Самир Насри
Джанлука Виалли
Виктор Мозес
Джеймс Милнер
Давид Луис
Хесус Навас
Вильфрид Бони
Коул Палмер
Эден Азар
Серхио Агуэро
Александр Ляказетт
Виллиан
Клод Макелеле
Людовик Жюли
Филипп Мексес
Марсель Десайи
Рикарду Карвалью
Матео Ковачич
Бакари Санья
Шеймус Коулман
Тревор Синклер
Клаудио Браво
Оскар
Вильям Галлас
Оливье Жиру
Никлас Бентнер
Мохаммед Салах
Неманья Матич
Робин ван Перси
Тео Уолкотт
Войцех Щенсный
Тибо Куртуа
Крейг Беллами
Франк Лебёф
Антонио Рюдигер
Арьен Роббен
Курт Зума
Джо Харт
Робиньо
Даниеле Де Росси
Оуэн Харгривз
Самюэль Это’о
Майкл Эссьен
Лоран Косельни
Аарон Рэмзи
Санти Касорла
Хуан Мата
Гарет Барри
Рахим Стерлинг
Месут Озиль
Кай Хаверц
Марк Хьюз
Мануэль Нойер
Эдуар Менди
Джо Коул
Томаш Росицкий
Александр Глеб
Эйдур Гудьонсен
Альваро Мората
Кепа Аррисабалага
Раджа Наингголан
Симоне Перротта
Диего Коста
Марио Балотелли
Сеск Фабрегас
Кристиан Пулишич
Дэнни Уэлбек
Гари Кэхилл
Ивица Олич
 
Answer Stats
Answer % Correct
Петр Чех
55%
Н’Голо Канте
55%
Давид Луис
55%
Матео Ковачич
55%
Альваро Мората
55%
Марк Кукурелья
45%
Фернандо Торрес
45%
Антонио Рюдигер
45%
Майкл Эссьен
45%
Кай Хаверц
45%
Диего Коста
45%
Джанфранко Дзола
36%
Бранислав Иванович
36%
Сесар Аспиликуэта
36%
Коул Палмер
36%
Клод Макелеле
36%
Марсель Десайи
36%
Тибо Куртуа
36%
Курт Зума
36%
Кепа Аррисабалага
36%
Сеск Фабрегас
36%
Кристиан Пулишич
36%
Фрэнк Лэмпард
27%
Дидье Дрогба
27%
Джон Терри
27%
Эшли Коул
27%
Николя Анелька
27%
Михаэль Баллак
27%
Джон Оби Микел
27%
Виктор Мозес
27%
Эден Азар
27%
Виллиан
27%
Оскар
27%
Оливье Жиру
27%
Мохаммед Салах
27%
Франк Лебёф
27%
Арьен Роббен
27%
Самюэль Это’о
27%
Хуан Мата
27%
Рахим Стерлинг
27%
Джо Коул
27%
Эйдур Гудьонсен
27%
Гари Кэхилл
27%
Флоран Малуда
18%
Джанлука Виалли
18%
Вильям Галлас
18%
Неманья Матич
18%
Эдуар Менди
18%
Рикарду Карвалью
9%
Марк Хьюз
9%
No matching quizzes found
Score Distribution
Percent of People with Each Score
Percentile by Number Answered
Your Score History
You have not taken this quiz